Naučný slovník zemědělský
Enregistré dans:
| Format: | Livre |
|---|---|
| Langue: | tchèque |
| Publié: |
Praha
Státní zemědělské nakladatelství
1981
|
| Tags: |
Pas de tags, Soyez le premier à ajouter un tag!
|
MARC
| LEADER | 00000nam a2200000 4500 | ||
|---|---|---|---|
| 001 | c119239 | ||
| 005 | 20221207074850.3 | ||
| 041 | 0 | |a cze | |
| 044 | |a CZ | ||
| 245 | 1 | 0 | |a Naučný slovník zemědělský |
| 264 | 1 | |a Praha |b Státní zemědělské nakladatelství |c 1981 | |
| 300 | |a 626 s. | ||